Tratado de probática judicial : la prueba del hecho psíquico : conocimiento, consentimiento, intención y simulación /

Gespeichert in:
Bibliographische Detailangaben
1. Verfasser: Muñoz i Sabaté, Lluis (autor)
Format: Buch
Sprache:Spanisch
Veröffentlicht: Barcelona, España : Bosch, 1992, c1992
Schriftenreihe:(Biblioteca de Derecho Procesal ; 45)
Schlagworte:
Tags: Tag hinzufügen
Keine Tags, Fügen Sie das erste Tag hinzu!

MARC

LEADER 00000nam^a2200000^a^4500
001 000136285
005 20250521000000.0
009 20260310095312.051
020 |a 84-7698-199-6 
037 |a Acervo ITESO - Biblioteca 
041 |a ESP 
082 |a 347. 06  |b MUÑ V. 1 
100 |a Muñoz i Sabaté, Lluis  |e (autor) 
240 1 1 |a [Tratado de probática judicial] 
245 1 0 |a Tratado de probática judicial :  |b la prueba del hecho psíquico : conocimiento, consentimiento, intención y simulación /  |c L. Muñoz i Sabaté. 
264 4 |a Barcelona, España :  |b Bosch,  |c 1992, c1992 
300 |a 528 p. 
336 |a texto  |b txt  |2 rdacontenido 
337 |a sin mediación  |b n  |2 rdamedio 
338 |a volumen  |b nc  |2 rdasoporte 
440 1 |a (Biblioteca de Derecho Procesal ;  |v 45) 
649 |a XX 
650 |a Prueba (Derecho) 
650 |a Evidencia 
650 |a Derecho Procesal 
650 |a Derecho Procesal 
650 |a Derecho Penal 
650 |a Derecho Civil 
650 |a Semiótica 
650 |a Lingüística 
910 |a Fondo General 
920 |a Impresos - Libros 
930 |a Colección General 
905 |a 101 
901 |a 0500064886  |b IT1  |c ACC  |u 20250521 
902 |a https://opac.biblio.iteso.mx/vufind/Record/000136285